Business and Society: Ethics and Stakeholder Management. (Record no. 5185)

MARC details
005 - DATE AND TIME OF LATEST TRANSACTION
control field 20250626061208.0
020 ## - INTERNATIONAL STANDARD BOOK NUMBER
International Standard Book Number 0-324-22581-4
082 ## - DEWEY DECIMAL CLASSIFICATION NUMBER
Classification number 650 CAR
100 ## - MAIN ENTRY--PERSONAL NAME
Author name CARROLL, A. B.
245 ## - TITLE STATEMENT
Title Business and Society: Ethics and Stakeholder Management.
250 ## - EDITION STATEMENT
Edition statement 6th Ed.
260 ## - PUBLICATION, DISTRIBUTION, ETC.
Place of publication, distribution, etc. New York,
Name of publisher, distributor, etc. Thomson South-Western,
Date of publication, distribution, etc. 2006.
300 ## - PHYSICAL DESCRIPTION
Extent xx, 745p.: ill,; figure
Other physical details Index
Dimensions 24cm
700 ## - ADDED ENTRY--PERSONAL NAME
Other authors/Editors BUCHHOLTZ, A. K.
942 ## - ADDED ENTRY ELEMENTS (KOHA)
Source of classification or shelving scheme Dewey Decimal Classification
Koha item type Books
Holdings
Date last seen Total checkouts Full call number Barcode Cost, replacement price Price effective from Koha item type Lost status Source of classification or shelving scheme Damaged status Not for loan Withdrawn status Home library Current library Shelving location Date acquired Cost, normal purchase price
06/26/2025   650 CAR DOM0002244 135000.00 06/26/2025 Books   Dewey Decimal Classification       CBE Dodoma CBE Dodoma General Collection 06/20/2008 45000.00
06/26/2025   650 CAR DOM0002245 135000.00 06/26/2025 Books   Dewey Decimal Classification       CBE Dodoma CBE Dodoma General Collection 06/20/2008 45000.00